Nghiên cứu xây dựng chương trình môn học Ngữ âm tiếng Việt phục vụ dạy học tăng cường tiếng Anh tại Đại học Đà Nẵng

Сохранить в:
Библиографические подробности
Главный автор: Trương Thị Diễm PGS.TS (Chủ nhiệm đề tài)
Формат:
Опубликовано: 2013
Метки: Добавить метку
Нет меток, Требуется 1-ая метка записи!
Thư viện lưu trữ: Mạng thư viện Đại học Đà Nẵng
LEADER 00819nam a2200229 4500
001 000021121
003 17568
005 20150406140458.0
008 150406s2013 sd
100 1 |a Trương Thị Diễm  |c PGS.TS  |e Chủ nhiệm đề tài 
245 1 0 |a Nghiên cứu xây dựng chương trình môn học Ngữ âm tiếng Việt phục vụ dạy học tăng cường tiếng Anh tại Đại học Đà Nẵng  |c Trương Thị Diễm 
260 |c 2013 
500 |a Đề tài NCKH cấp Đại học Đà Nẵng . Mã số : Đ 2013-03-47BS 
OWN |a LSP 
999 |a From the UDN01 
TYP |a Mixed Materials 
TYP |a Monograph 
TYP |a Printed language 
980 |a Mạng thư viện Đại học Đà Nẵng